Most Popular Steam Games (2016) - Statistics

General Stats
  • This quiz has been taken 99 times
  • The average score is 4 of 10
Answer Stats
Position Answer % Correct
2 Counter Strike: Global Offensive
86%
1 Dota 2
71%
3 Team Fortress 2
69%
6 Garry's Mod
27%
9 Rocket League
26%
5 ARK: Survival Evolved
19%
8 Rust
17%
4 Sid Meier's Civilization V
15%
10 Fallout 4
12%
7 Football Manager 2016
7%
No matching quizzes found
Score Distribution
Percent of People with Each Score
Percentile by Number Answered
Your Score History
You have not taken this quiz